000 00302nam a22001217a 4500
020 _a070410844
082 _a658.5
_bMAY
100 _aMAynard, H. B.
245 _aIndustrial Engineering Handbook /
_c H. B Maynard.
260 _aNew York,
_bMcGraw Hill
_c1971.
300 _aInvp. ;
942 _2ddc
_cBK
999 _c594582
_d594582